000 00316nam a22001337a 4500
008 171017b xxu||||| |||| 00| 0 eng d
020 _a9780132553810
041 _aeng
080 _a338
100 _a53
101 _aMEN
245 _aPLANNING PERFORMING AND CONTROLLE PROJECTS
_cANGUS.R.B
942 _2udc
_cBK
999 _c34517
_d34517